00357nam a2200145Ia 4500003000400000008004100004040001600045082001300061100001900074245003400093260004200127300001000169650001600179650001600195GCL140319s9999 xx 000 0 eng d aGCL / cGCL04a920bA E1 aACKROYD, PETER10aEZRA POUND / cACKROYD, PETER a[S.N] : bTHAMES AND HUDSON ، c1980 a128 P04aPOUND, EZRA04aBIOGRAPHIES